| 000 | 00379 a2200157 4500 | ||
|---|---|---|---|
| 001 | 60572 | ||
| 020 | _a8571490341 | ||
| 040 | _cAnchieta - Pituba | ||
| 100 | _aMoura, Milton | ||
| 240 | 1 | 0 |
_aEleição, democracia e cidadania _lpor |
| 245 | 1 | 0 | _aEleição, democracia e cidadania |
| 300 | _a191 | ||
| 362 | 0 | _a1990 | |
| 650 | 4 | _aCidadania e tópicos relacionados | |
| 942 | _cBK | ||
| 999 |
_c60572 _d60572 |
||